| 000 | 004780000a22001810004500 | ||
|---|---|---|---|
| 003 | LK-CoMWRAF | ||
| 005 | 20230909001342.0 | ||
| 008 | 230817t1992 ||||| |||| 00| 0 eng d | ||
| 040 |
_aLK-CoMWRAF _dLK-CoMWRAF _eLK-CoMWRAF |
||
| 041 | _aeng | ||
| 082 |
_a823 _bSEN |
||
| 100 | _aSenanayake, G.S.B | ||
| 245 | _aA Friend In need | ||
| 260 |
_aColombo : _bCenter for Society & Religion, _c1992 |
||
| 300 | _a66p. : ill ; 20cm | ||
| 650 | _aChildrens fiction-English | ||
| 942 | _cBK | ||
| 999 |
_c299 _d299 |
||